000 00835nam a22002657a 4500
001 BR8006400
003 BR-BrBNA
005 20241219180020.0
007 ta
008 230509b bl.||||| |||| 00| 0 por d
040 _aBR-BrBNA
_bpor
_cBiblioteca Nacional de Agricultura
041 _a(Por)
072 _aC00; P12
_b/G514
090 _a C00 BR8006400
_b2024-8443
100 1 _aLima, F.P.C.
110 1 _aEmpresa de Assistencia Tecnica e Extensao Rural do Ceara, Fortaleza (Brasil)
245 1 _aRelatorio anual de atividades 1979. Programa baixa renda irrigacao [assistencia tecnica, Ceara, Brasil]
_bConvenio EMBRATER-DNOCS
260 3 _aFortaleza, CE (Brasil):
_c1980.
300 _a22 p.
650 _aEXTENSAO RURAL
650 _aASSISTENCIA TECNICA
650 _aIRRIGACAO
650 _aBAIXA RENDA
942 _cBK
_2AGRIS
999 _c30556
_d30556